[Event "Toronto NAYCC U10"]
[Site "Toronto"]
[Date "2013.08.14"]
[Round "1"]
[White "Hawthorn, Charles"]
[Black "Demers, Alexis"]
[Result "1-0"]
[WhiteElo "1862"]
[BlackElo "1181"]
[PlyCount "69"]
[EventDate "2013.08.14"]
[EventType "swiss"]
[EventRounds "9"]
[EventCountry "CAN"]
[SourceTitle "EXT 2022"]
[Source "ChessBase"]
[SourceDate "2021.10.06"]
[SourceVersion "1"]
[SourceVersionDate "2021.10.06"]
[SourceQuality "1"]

1. d4 Nf6 2. c4 g6 3. Nc3 Bg7 4. e4 d6 5. Nf3 0-0 6. Be2 c5 7. 0-0 cxd4 8. Nxd4 Nc6 9. Be3 Bd7 10. f3 Rc8 11. b3 Ne5 12. Rc1 a6 13. Qd2 Nc6 14. Rfd1 Rc7 15. Nxc6 Rxc6 16. Kh1 h5 17. Bg5 Be6 18. Bh6 Kh7 19. Bxg7 Kxg7 20. Qb2 Kg8 21. e5 Nd7 22. exd6 exd6 23. Ne4 Nb6 24. Nf6+ Kh8 25. Nd7+ Kh7 26. Nxf8+ Qxf8 27. Bd3 h4 28. Be4 Rc7 29. Qd4 Nc8 30. Qf6 h3 31. Qh4+ Qh6 32. Qxh6+ Kxh6 33. g3 f5 34. Bd3 Ne7 35. Bf1 1-0